Chrono-Logique : Sports - Statistiques

Statistiques générales
  • Ce quiz a été pris 1 030 fois
  • Le résultat moyen est 7 sur 11
Réponses sur la Carte
Les réponses sont colorées sur une échelle allant du rouge au vert en fonction du pourcentage des utilisateurs qui les ont devinées à leur premier essai. Vous pouvez retrouver ces pourcentages ci-dessous.
 
Statistiques - réponses
Réponse % Correct
Le coup de boule de Zidane en finale de coupe du monde
86%
La Remontada du FC Barcelone face au PSG
83%
1ers Jeux Olympiques modernes
72%
1ère édition du Tour de France
70%
Le plus long match de tennis de l'histoire
67%
La main de Dieu de Maradona
65%
1er match international de football
63%
Jesse Owens gagne le 100m aux JO de Berlin
63%
Yannick Noah remporte Roland Garros
58%
Poings levés sur le podium du 200m aux JO de Mexico
54%
Le rugby devient un sport professionnel
49%
Aucun quiz correspondant
Distribution des résultats
% des personnes avec chaque résultat
Percentile par nombre de réponses
Votre historique - résultats
Vous n’avez pas pris ce quiz